| 000 | 00966nam0a22002771 4500 | ||
|---|---|---|---|
| 001 | rc\3949578 | ||
| 005 | 20130415115049.6 | ||
| 021 |
_aRU _b[56-50547] |
||
| 035 | _a(NLR Aleph) 008043643 | ||
| 090 |
_a8897231 _c8897231 |
||
| 100 | _a20130415d1956 |||y0rusy50 ca | ||
| 101 | 0 | _arus | |
| 102 | _aRU | ||
| 105 | _aa z ||||| | ||
| 200 | 1 |
_aЗаписки военного летчика _e(Некоторые вопросы вождения одноместного самолета) |
|
| 210 |
_aМосква _cВоениздат _d1956 |
||
| 215 |
_a124 с. _cсхем. _d20 |
||
| 300 | _aПеред загл. авт.: гвардии полк. Чирьев В.Н. | ||
| 606 |
_aПилотаж _2psbo |
||
| 606 |
_aСамолеты _xЭксплуатация _2psbo |
||
| 700 | 1 |
_aЧирьев _bВ. Н. _gВладимир Николаевич |
|
| 801 | 0 |
_aRU _bNLR _gpsbo |
|
| 801 | 1 |
_aRU _bELAR _2rusmarc |
|
| 852 |
_aNLR _jВ80 Г-3/77 |
||
| 942 | _cBOOK | ||
| 980 | _aNB | ||